| 000 | 00347nam a22001337a 4500 | ||
|---|---|---|---|
| 003 | LRUA | ||
| 005 | 20230609213934.0 | ||
| 008 | 230609b xxu||||| |||| 00| 0 eng d | ||
| 040 | _cRUA | ||
| 082 | _2CAN AGL 1982 C023 Or. | ||
| 245 | _aA GLOSSARY OF HOUSE-BUILDING AND SITE-DEVELOPMENT TERMS | ||
| 260 |
_aPhnom Penh _bRUA _c1982 |
||
| 942 |
_2ddc _cREC |
||
| 999 |
_c21419 _d21419 |
||